Algunas notas sobre un método psicomúsculo articular o psicomotriz de la enseñanza de la escritura y de la lectura a los niños mentalmente anormales / (Record no. 117801)

MARC details
000 -LEADER
campo de control de longitud fija 00531nam a2200145 4500
001 - NÚMERO DE CONTROL
campo de control 117801
003 - IDENTIFICADOR DE NÚMERO DE CONTROL
campo de control ES-MaACL
005 - FECHA Y HORA DE LA ÚLTIMA TRANSACCIÓN
campo de control 20230906190955.0
007 - CAMPO FIJO DE DESCRIPCIÓN FÍSICA--INFORMACIÓN GENERAL
campo de control de longitud fija t|
008 - DATOS DE LONGITUD FIJA--INFORMACIÓN GENERAL
campo de control de longitud fija 070214n19001990sp r ||||1| spa d
100 1# - ENTRADA PRINCIPAL--NOMBRE DE PERSONA
Nombre de persona Pereira, Francisco.
9 (RLIN) 90470
245 10 - MENCIÓN DEL TÍTULO
Título Algunas notas sobre un método psicomúsculo articular o psicomotriz de la enseñanza de la escritura y de la lectura a los niños mentalmente anormales /
Mención de responsabilidad, etc. Francisco Pereira.
260 ## - PUBLICACIÓN, DISTRIBUCIÓN, ETC.
Lugar de publicación, distribución, etc. Madrid :
Nombre del editor, distribuidor, etc. [s.n.],
Fecha de publicación, distribución, etc. [19__?] (
Fabricante Gráf. Universal)
852 ## - LOCALIZACIÓN
Ubicación ES-MaACL
Número de control de estantería 1664-F-12
Holdings
Estatus retirado Estado de pérdida Estado de daño No para préstamo Colección Biblioteca de origen Biblioteca actual Ubicación en estantería Fecha de adquisición Fuente de adquisición Total de préstamos Signatura topográfica completa Código de barras Visto por última vez Precio de reemplazo Tipo de ítem Koha
        Colección de folletos Biblioteca del Ateneo de Madrid Biblioteca del Ateneo de Madrid Depósito folletos 17/01/2008     1664-F-12 1122811 23/02/2023 23/02/2023 Folleto